[Event "Budapest Spring Festival 2018"]
[Site "Budapest"]
[Date "2018.04.21"]
[Round "4"]
[White "Zanan, Evgeny"]
[Black "Vajda, Levente"]
[Result "1/2-1/2"]
[WhiteElo "2493"]
[BlackElo "2577"]
[Annotator "TA"]
[PlyCount "97"]
[EventDate "2018.??.??"]
[EventType "swiss"]
[EventCountry "HUN"]
[SourceTitle "playchess.com"]
[Source "ChessBase"]
[SourceQuality "1"]

{[%evp 19,97,7,15,10,9,8,2,-2,10,8,10,6,4,-8,20,17,15,9,18,13,20,20,20,14,38,38,39,37,50,45,69,48,65,68,94,115,118,119,96,108,90,91,91,94,99,99,108,99,112,80,80,80,80,80,79,58,58,41,41,41,41,41,50,45,58,41,54,35,48,35,35,35,42,52,65,65,65,65,65,0]} 1. d4 d5 2. c4 e6 3. Nc3 Nf6 4. cxd5 exd5 5. Bg5 c6 6. e3 Be7 7. Bd3 Nbd7 {[%cal Bb8d7,Bd7f8,Bf8e6][%mdl 32]} 8. h3 {D35: Queen's Gambit Declined: Exchange Variation} (8. Qc2 Nf8 9. Nf3 Ne6 10. Bh4 g6 11. O-O O-O 12. Rab1 Ng7 13. b4 a6 14. a4 Bf5 15. b5 axb5 16. axb5 Bxd3 17. Qxd3 Nf5 18. Bxf6 Bxf6 19. Ra1 Nd6 20. bxc6 bxc6 21. Ra6 Qc7 22. Rfa1 Qb7 23. Qe2 Rxa6 24. Qxa6 {½-½ (45) Tomashevsky,E (2713)-Sjugirov,S (2650) St Petersburg 2017}) 8... Nf8 9. Nf3 Ne6 10. Bh4 g6 {LiveBook: 5 Games} 11. Ne5 Nd7 $146 ({Predecessor:} 11... Ng7 12. Bg3 O-O 13. Qc2 Bf5 14. Bxf5 Nxf5 15. Bf4 Nd6 16. g4 Nfe4 17. Nxe4 Nxe4 {0-1 (42) Groeppel,P (2156)-Lindinger,M (2299) Hamburg 2002}) 12. Bg3 Nxe5 13. Bxe5 Bf6 14. Bxf6 Qxf6 15. O-O O-O 16. b4 {[%cal Bb2b4,Bb4b5][%mdl 32]} Rd8 17. Rc1 a6 18. a4 a5 19. b5 c5 20. dxc5 Nxc5 21. Ne2 $36 {[%mdl 2048] White fights for an advantage.} Qe7 22. Nd4 Be6 23. Be2 Qd6 24. Bf3 Nd7 25. Re1 Nb6 26. Nxe6 Qxe6 27. Qd4 Rac8 28. Red1 Rxc1 29. Rxc1 Qd6 30. Bd1 Re8 {[#]} 31. Qd2 $1 h5 32. Qxa5 Ra8 33. Qc3 Nxa4 34. Bxa4 Rxa4 $16 {[%mdl 4096] Endgame KQR-KQR} 35. Qc8+ Kg7 36. Qxb7 Rb4 37. Qc6 Qe5 $1 {White is slightly better.} 38. Rd1 d4 39. exd4 Qe2 40. Qc1 {And now d5 would win.} Rb2 41. Rf1 Rxb5 42. Re1 Qa2 43. Qc3 {[#] Threatening mate with d5+.} Qb2 44. Qe3 Rd5 45. Rd1 Qc2 46. Qd3 Qa2 47. h4 Rf5 48. Qe3 Qa4 49. Qd3 {Precision: White = 66%, Black = 71%.} (49. Qd2 $14) 1/2-1/2

[Event "Budapest Spring Festival 2018"]
[Site "Budapest"]
[Date "2018.04.21"]
[Round "4"]
[White "Jarmula, Lukasz"]
[Black "Krishna Teja, N."]
[Result "1-0"]
[WhiteElo "2492"]
[BlackElo "2368"]
[Annotator "TA"]
[PlyCount "65"]
[EventDate "2018.??.??"]
[EventType "swiss"]
[EventCountry "HUN"]
[SourceTitle "playchess.com"]
[Source "ChessBase"]
[SourceQuality "1"]

{[%evp 22,65,16,16,10,14,31,33,80,54,38,10,75,21,80,47,57,52,44,49,23,30,160,163,153,144,233,259,367,352,339,348,344,341,446,428,518,499,500,495,485,452,491,490,456,445]} 1. e4 c6 2. d4 d5 3. e5 Bf5 4. Be2 e6 5. Nf3 c5 6. Be3 Nd7 7. O-O Ne7 8. dxc5 {B12: Caro-Kann: Advance Variation} Nc6 9. c4 dxc4 10. Na3 Bxc5 11. Nxc4 O-O 12. Bxc5 {LiveBook: 4 Games} (12. Qb3 Be4 13. Bxc5 Nxc5 14. Qa3 Bxf3 15. Bxf3 {1-0 (49) Fedoseev,V (2724)-Gurevich,D (2471) chess.com INT 2018}) 12... Nxc5 13. Qc1 Qc7 14. Qe3 Nb4 {[#] White should prevent ...Nc2.} 15. Nd4 $146 ({Find the theoretical novelty and annotate with similar games:} 15. Rac1 Nxa2 {1-0 (39) Zarnicki,P (2560)-Garcia Palermo,C (2480) Villa Gesell 1997}) 15... Nd5 16. Qa3 Bg6 (16... Nf4 $1 $11) 17. Nb5 ({Better is} 17. Rac1 $16 {Hoping for Nd6.} Nd7 18. f4) 17... Qe7 (17... Qc6 $11 18. Nd4 Qc7) 18. Nbd6 Ne4 19. Bf3 $36 {[%mdl 2048] White has good play.} Ng5 20. Bxd5 exd5 21. Ne3 {[%cal Bc4e3,Be3d5,Bd5e7][%mdl 32] And now f4 would win.} Ne4 {[#]} (21... d4 $11 22. Nec4 b5 23. Nxb5 Qxa3 24. Nbxa3 Ne6) 22. f4 $1 $16 {[%cal Bf2f4,Bf4f5][%mdl 32]} Nxd6 23. Nxd5 ({Much less strong is} 23. exd6 $6 Qe4 $14) 23... Qd7 (23... Qe6 $16) 24. exd6 $18 ({Don't play} 24. Qxd6 $6 Qg4) 24... Be4 (24... f5 {keeps fighting.} 25. Rac1 Rad8 26. Ne7+ (26. Qxa7 Qxd6 27. Rcd1 Bf7 $16) 26... Kh8 27. Nxg6+ (27. Qxa7 Qxd6 28. Qxb7 Be8 $16) 27... hxg6) 25. Ne7+ Kh8 26. f5 Rad8 27. Qe3 Bc6 28. Rad1 {[%cal Ba1d1,Bd1d4,Bd4h4,Bh4h7][%mdl 32] White is clearly winning.} f6 29. Rd4 Rf7 30. Rh4 {[#] Intending Rxh7+! and mate.} Rxe7 31. dxe7 ({Less strong is} 31. Qxe7 Qxd6 32. Qxd6 Rxd6 $18) 31... Re8 32. Qh3 Kg8 33. Rxh7 {Precision: White = 79%, Black = 29%.} 1-0

[Event "Budapest Spring Festival 2018"]
[Site "Budapest"]
[Date "2018.04.21"]
[Round "4"]
[White "Horvath, Adam"]
[Black "Szeberenyi, Adam"]
[Result "1/2-1/2"]
[WhiteElo "2486"]
[BlackElo "2366"]
[Annotator "TA"]
[PlyCount "134"]
[EventDate "2018.??.??"]
[EventType "swiss"]
[EventCountry "HUN"]
[SourceTitle "playchess.com"]
[Source "ChessBase"]
[SourceQuality "1"]

{[%evp 24,134,52,24,45,44,56,49,55,39,49,30,60,48,74,79,80,66,65,79,74,65,80,86,91,49,72,62,95,95,105,95,95,95,95,95,168,173,173,146,147,147,157,154,154,145,191,188,176,161,155,110,130,100,84,10,16,0,70,70,70,70,70,70,70,70,70,70,70,70,70,70,70,0,0,0,1,1,1,1,45,0,0,0,0,0,0,0,0,0,0,0,0,0,0,0,0,0,0,0,0,0,0,0,0,-222,0,-14,0,-216,0,-5,0]} 1. e4 e5 2. Nf3 Nf6 {[%cal Bg8f6,Bf6e4,Be4d2][%mdl 32]} 3. Nxe5 d6 4. Nf3 Nxe4 5. d4 d5 6. Bd3 Nc6 7. O-O Be7 8. Nbd2 Nxd2 9. Bxd2 Bg4 10. c3 O-O {C42: Petroff Defence: 3 Nxe5 and unusual White 3rd moves} 11. h3 Bh5 12. g3 Bd6 (12... Qd7 13. Kg2 Rfe8 14. Qc2 Bg6 15. Bxg6 hxg6 16. Rfe1 b6 17. Bf4 Bd6 18. Bxd6 Qxd6 19. Re2 Re7 20. Rxe7 Nxe7 21. Re1 f6 22. h4 Qd7 23. Ng1 {½-½ (23) Bacrot,E (2715)-Bu,X (2710) Tbilisi 2017}) 13. Re1 {LiveBook: 3 Games} Rb8 $146 ({Predecessor:} 13... Na5 14. b3 Nc6 15. Kg2 Bg6 16. Bxg6 fxg6 17. Ng5 Qf6 18. Qf3 Qxf3+ 19. Nxf3 {1-0 (78) Van Foreest,J (2609)-Kopylov,M (2424) Germany 2017}) 14. Kg2 Bg6 15. Bxg6 hxg6 16. Qb3 Ne7 17. Re2 c6 18. Rae1 Nf5 19. Bg5 f6 20. Bd2 Qd7 21. g4 Ne7 22. Bf4 Nc8 23. Bxd6 Nxd6 24. Re7 $36 {[%mdl 2048] White fights for an advantage.} Qd8 25. Nh4 $1 {[%cal Rh4g6]} g5 26. Ng6 Rf7 27. f3 Rxe7 28. Nxe7+ Kf7 29. Qc2 $1 {[%cal Rc2g6] Qg6+ is the strong threat.} Qxe7 (29... Ne4 $16 {was necessary.}) 30. Rxe7+ $18 Kxe7 $16 {[%mdl 4096] Endgame KQ-KRN} 31. Qa4 a6 32. b3 Rd8 33. Qb4 Rd7 34. a4 Kd8 35. c4 {[%cal Bc3c4,Bc4c5][%mdl 32]} Ke8 36. Qe1+ Kf7 37. c5 Ne8 38. Qb4 g6 39. Qb6 (39. Qd2 $16) 39... Ng7 $1 $11 40. Kf2 Re7 ({Black should play} 40... Ne6 $11) 41. Qd8 $1 $14 Ne6 42. Qh8 Nf4 $1 43. h4 gxh4 $1 44. Qh7+ $1 Ke6 45. Qxh4 g5 46. Qh8 Kf7 47. Qh7+ Kf8 48. Qf5 (48. Qh6+ $1 $14 Kf7 49. Kf1) 48... Kg7 $11 49. Kf1 Ne6 50. Qd3 Nf4 51. Qd2 Kg6 52. Qa5 Nd3 53. f4 Nxf4 54. Qd8 Kf7 55. Qh8 Ne6 56. Qh7+ Kf8 57. Qh6+ Kf7 58. Qh7+ Kf8 59. Qd3 Nf4 60. Qf5 Kg7 61. b4 Re6 62. Kf2 Kh6 63. Kf3 Kg7 {Threatens to win with ...Ne2!} 64. Qb1 $2 {[#]} (64. Kf2 $11 {and White has nothing to worry.}) 64... Re7 $2 (64... Ne2 $1 $19 65. Qa1 Re4) 65. Qf5 Re6 {White must now prevent ...Ne2!} 66. Qb1 $2 {[#]} (66. Kf2 $11 {and White stays safe.}) 66... Re7 $2 (66... Ne2 $1 $19 67. Kf2 Nxd4) 67. Qf5 Re6 {Precision: White = 60%, Black = 63%.} 1/2-1/2

[Event "Budapest Spring Festival 2018"]
[Site "Budapest"]
[Date "2018.04.21"]
[Round "4"]
[White "Reshef, Omer"]
[Black "Savchenko, Boris"]
[Result "0-1"]
[WhiteElo "2482"]
[BlackElo "2563"]
[Annotator "TA"]
[PlyCount "44"]
[EventDate "2018.??.??"]
[EventType "swiss"]
[EventCountry "HUN"]
[SourceTitle "playchess.com"]
[Source "ChessBase"]
[SourceQuality "1"]

{[%evp 10,44,35,26,89,52,64,42,65,16,8,0,29,-16,-31,-84,-49,-72,-54,-70,-53,-70,-62,-143,-146,-144,-114,-161,-159,-152,-152,-150,-156,-254,-234,-29981,-3472]} 1. e4 g6 2. d4 d6 3. Nc3 Nf6 4. h3 a6 5. Nf3 Bg7 6. Bd3 {LiveBook: 18 Games. B08: Pirc Defence: Classical System} b5 (6... O-O $11 {keeps the balance.}) 7. O-O $146 ({Predecessor:} 7. e5 Nfd7 8. e6 fxe6 9. Ng5 Nf6 10. Qe2 Nc6 11. Be3 e5 12. Nxh7 exd4 13. Bxg6+ Kd7 14. Nxf6+ Bxf6 15. Ne4 dxe3 16. Qxe3 Qg8 17. Nxf6+ exf6 18. Be4 Bb7 19. Bf5+ Kd8 20. O-O-O Qg5 {0-1 (20) Cawdery,D (2434)-Sethuraman,S (2619) Fufeng 2017}) 7... Bb7 8. e5 {White is slightly better.} Nfd7 {[%cal Rd6e5,Bf6d7,Bd7b6,Bb6a4][%mdl 32]} 9. exd6 (9. e6 $5 fxe6 10. Ng5 $16) 9... cxd6 10. Ne4 Nb6 11. a4 Nxa4 12. Nfg5 (12. h4 $15) 12... h6 13. Nxf7 Kxf7 14. Qf3+ Bf6 $1 {[%cal Bg7f6,Bf6d4,Bd4b6][%mdl 32]} 15. Bxh6 {And now Ng5+ would win.} Bxe4 16. Qxe4 (16. Bxe4 $15 Ra7 17. Bd2) 16... Rxh6 $17 17. Qxa8 d5 $36 {[%mdl 2048] Black is on the roll.} 18. b3 {[#]} Nc3 $1 19. Rxa6 {With the idea Re1.} Bxd4 20. Re1 {[#]} Bb6 $1 21. Raa1 (21. Ra7 $17 Bxa7 22. Qxa7) 21... Qc7 $19 22. Bxb5 $2 {[#]} (22. Kh1 $19) 22... Rxh3 $1 {[%mdl 512] Precision: White = 29%, Black = 67%.} 0-1

[Event "Budapest Spring Festival 2018"]
[Site "Budapest"]
[Date "2018.04.21"]
[Round "4"]
[White "Torma, Robert"]
[Black "Molchanov, Oleksii"]
[Result "1-0"]
[WhiteElo "2473"]
[BlackElo "2357"]
[Annotator "TA"]
[PlyCount "83"]
[EventDate "2018.??.??"]
[EventType "swiss"]
[EventCountry "HUN"]
[SourceTitle "playchess.com"]
[Source "ChessBase"]
[SourceQuality "1"]

{[%evp 16,83,57,42,58,53,52,57,67,36,70,62,94,93,108,95,99,94,105,105,182,183,217,205,208,204,200,200,204,192,198,187,230,224,225,199,218,162,158,149,224,237,272,272,272,275,259,273,268,256,270,270,268,233,282,281,280,271,256,249,249,190,312,306,29969,29970,29974,161,29976,29976]} 1. d4 d5 2. c4 e6 3. Nf3 Nf6 4. g3 dxc4 5. Bg2 a6 6. O-O Nc6 7. Bg5 {E04: Open Catalan: 5 Nf3} (7. e3 Rb8 8. Nfd2 e5 9. Bxc6+ bxc6 10. dxe5 Ng4 11. Nxc4 Be6 12. Nbd2 h5 13. f3 Rb4 14. fxg4 Bxc4 15. Nxc4 Qxd1 16. Rxd1 Rxc4 {1-0 (40) Ding,L (2777)-Mamedyarov,S (2799) Huaian 2017}) 7... Be7 8. e3 Rb8 9. Nfd2 {[%cal Bf3d2,Bd2c4,Bc4e5][%mdl 32] LiveBook: 11 Games. White is slightly better.} h6 $146 ({Predecessor:} 9... Bd7 10. Nxc4 h6 11. Bxf6 Bxf6 12. Nc3 O-O 13. Ne4 Be7 14. Rc1 f5 {1-0 (39) Lalith,B (2542)-Devereaux,M (2370) Caleta 2018}) 10. Bxf6 $1 Bxf6 11. Nxc4 O-O 12. Nc3 Nb4 13. Qb3 Be7 14. Ne5 a5 15. a3 Na6 16. Rfd1 Qe8 17. Rac1 $36 {[%mdl 2048] White is on the roll.} c5 (17... f6 $16) 18. dxc5 $18 f6 19. Nd3 Nxc5 20. Nxc5 Bxc5 21. Na4 Ba7 22. Nb6 Bxb6 23. Qxb6 Ra8 24. Rc7 Kh8 25. Qc5 e5 26. Bxb7 Bxb7 27. Rxb7 a4 (27... Rf7 $16 28. Rb6 a4) 28. Rdd7 Qg6 29. Rxg7 Qxg7 30. Rxg7 Kxg7 {[%mdl 4096] Endgame KQ-KRR} 31. h4 h5 32. Qc2 Kh6 33. Kg2 Ra6 34. Qc4 Rb6 35. Qxa4 Rxb2 36. Qc6 Kg6 37. Qe4+ Kh6 38. Qf5 Ra2 (38... Rb7 {was worth a try.} 39. a4 Ra7) 39. g4 hxg4 $2 {[#]} (39... Kg7 $18 40. Qxh5 Rxa3) 40. h5 {[%csl Gh5][%cal Rf5g6,Bh4h5,Bh5h6][%mdl 32]} Kg7 41. Qg6+ Kh8 42. h6 {Precision: White = 81%, Black = 47%.} 1-0

[Event "Budapest Spring Festival 2018"]
[Site "Budapest"]
[Date "2018.04.21"]
[Round "4"]
[White "Kanmazalp, Ogulcan"]
[Black "Spalir, Jernej"]
[Result "1-0"]
[WhiteElo "2471"]
[BlackElo "2363"]
[Annotator "TA"]
[PlyCount "99"]
[EventDate "2018.??.??"]
[EventType "swiss"]
[EventCountry "HUN"]
[SourceTitle "playchess.com"]
[Source "ChessBase"]
[SourceQuality "1"]

{[%evp 16,99,41,29,59,70,58,68,75,61,47,34,96,104,104,62,89,93,146,156,150,169,160,158,148,148,142,125,153,158,246,253,274,276,271,233,243,246,329,346,377,237,229,233,233,235,420,414,386,272,265,261,361,361,366,366,366,362,356,350,343,0,336,0,335,335,319,285,267,225,539,513,1032,1030,2922,5600,29974,5093,29984,29985,29984,29985,29986,29987,29987,29986]} 1. c4 c6 2. Nf3 d5 3. b3 Nf6 4. Bb2 e6 5. g3 Nbd7 6. Bg2 Bd6 7. d4 O-O 8. O-O Qe7 9. Nc3 {LiveBook: 12 Games} dxc4 {E01: Catalan: Early deviations} 10. bxc4 e5 11. e3 Ba3 {White is slightly better.} (11... exd4 12. exd4 Ba3 13. Re1 Qb4 14. Bxa3 Qxa3 15. Qb3 Qxb3 16. axb3 Rd8 17. Na4 {1-0 (39) Damljanovic,B (2567)-Ioannidis,E (2301) Belgrade 2016}) 12. Bxa3 Qxa3 13. Qb3 (13. Nb1 {is more complex.} Qa5 14. Nbd2 Qc7 15. a4 Re8 16. a5) 13... Qxb3 $146 (13... Qa5 $14) ({Predecessor:} 13... Qe7 14. Rab1 Re8 15. c5 h6 16. Nd2 Rd8 17. Nc4 exd4 18. exd4 {0-1 (41) Bailo Remacha,S (2036)-Roche Simon,M (2143) Aragon 2016}) 14. axb3 $16 exd4 15. exd4 Rd8 16. Rfd1 Nb6 (16... a6 $142) 17. d5 $1 {[%cal Rd5c6]} cxd5 18. c5 Nbd7 19. Nxd5 Nxd5 20. Rxd5 {Hoping for Bh3.} Re8 21. Nd4 Kf8 22. Nb5 $36 {[%mdl 2048] White is on the roll.} Nf6 {[#]} (22... Rb8 $16 23. Nc7 (23. Nxa7 Nf6 $16) (23. Rxa7 Re1+ 24. Bf1 Nf6 $15) 23... Re7) 23. Rdd1 $1 $18 Rb8 24. Rxa7 Bg4 25. Rc1 Re7 26. b4 Bd7 27. Nd4 Be6 28. Nxe6+ fxe6 29. Rca1 Nd5 30. Ra8 Rxa8 $2 (30... Ree8 31. Rxb8 Rxb8 32. Bxd5 exd5) 31. Rxa8+ Kf7 32. Bxd5 exd5 {[%mdl 4096] Endgame KR-KR} 33. Rd8 Ke6 {[#]} 34. f4 $1 Kf5 {and the idea ...Ke4 leaves Black hopeful.} 35. Rxd5+ Ke4 36. Rd1 {aiming for Re1+.} Kf3 37. Rd3+ Ke4 38. Rd1 {And now Re1+ would win.} Kf3 39. Rd3+ Ke4 $1 {[%cal Re4d3]} 40. Rd6 Kf3 {[%cal Re7e1]} 41. Kf1 Re3 42. Rb6 Re2 $2 (42... Re7 {is more resistant.} 43. Rd6 g6 44. Rd3+ Kg4) 43. Rxb7 Rxh2 (43... g6 $142 44. Rxh7 Re4) 44. Ke1 Kxg3 45. Rxg7+ Kxf4 46. c6 {[%cal Bc5c6,Bc6c7][%mdl 32]} h5 47. c7 {White mates.} Rc2 48. b5 {[%cal Bb4b5,Bb5b6][%mdl 32]} h4 49. b6 h3 50. Rh7 {Precision: White = 89%, Black = 34%.} 1-0

[Event "Budapest Spring Festival 2018"]
[Site "Budapest"]
[Date "2018.04.21"]
[Round "4"]
[White "Costachi, Mihnea"]
[Black "Orosz, Andras"]
[Result "1-0"]
[WhiteElo "2462"]
[BlackElo "2324"]
[Annotator "TA"]
[PlyCount "65"]
[EventDate "2018.??.??"]
[EventType "swiss"]
[EventCountry "HUN"]
[SourceTitle "playchess.com"]
[Source "ChessBase"]
[SourceQuality "1"]

{[%evp 15,65,39,34,36,56,17,55,52,62,35,43,22,25,33,46,0,0,0,0,0,62,41,46,41,54,46,83,69,79,58,91,79,110,118,137,77,80,81,287,308,481,477,477,466,595,595,593,578,550,455,1224,1224]} 1. d4 d5 2. c4 e6 3. Nc3 Nf6 4. cxd5 exd5 5. Bg5 c6 6. e3 h6 7. Bh4 Be6 {D35: Queen's Gambit Declined: Exchange Variation} (7... Bf5 8. Bd3 Bxd3 9. Qxd3 Be7 10. Nge2 O-O 11. f3 Re8 12. O-O Nbd7 13. Rad1 b5 14. Bf2 Bf8 15. Ng3 Rc8 {1-0 (60) Duda,J (2706)-Meier,G (2655) Heraklio 2017}) 8. Bd3 Nbd7 {LiveBook: 6 Games} 9. f4 {[#] Hoping for f5.} g5 {aiming for ...Bg4.White is slightly better.} 10. fxg5 hxg5 $146 ({Predecessor:} 10... Ng4 11. Nf3 Be7 12. Qe2 hxg5 13. Bg3 Qb6 {½-½ (46) Mons,L (2469)-Sanal,V (2475) Graz 2017}) 11. Bxg5 Qc7 12. Nf3 Bd6 13. Qc2 O-O-O 14. O-O-O Rdg8 {[%cal Rd6h2]} 15. Rdf1 Ng4 16. h3 $36 {[%mdl 2048] White has the initiative.} Rxg5 17. hxg4 Rgg8 ({Better is} 17... Rxh1 $11 18. Rxh1 Rg8) 18. Rxh8 Rxh8 19. Bf5 Rg8 20. g5 Nf8 21. Kb1 Kb8 22. e4 dxe4 23. Qxe4 Qa5 24. g4 {[%cal Bg2g4,Bg4f5][%mdl 32]} a6 {[#]} 25. Bxe6 ({White should play} 25. Rd1 $1) 25... Nxe6 $16 26. Qf5 Qxf5+ $2 (26... Qd8 $16 {was worth a try.}) 27. gxf5 $18 Nxg5 (27... Nd8 $142 28. Rg1 Bf4) 28. Nxg5 {White is clearly winning.} Rxg5 $16 {KRB-KRN} 29. Ne4 $1 {[%csl LRd6,LRg5]} Be7 30. Nxg5 Bxg5 31. Rg1 Be3 32. Rg8+ Ka7 (32... Kc7 $142 33. Rg7 b6 34. Rxf7+ Kd8) 33. Rf8 {Precision: White = 67%, Black = 48%.} 1-0

[Event "Budapest Spring Festival 2018"]
[Site "Budapest"]
[Date "2018.04.21"]
[Round "4"]
[White "Astaneh Lopez, Alex"]
[Black "Rudolf, Michal"]
[Result "1/2-1/2"]
[WhiteElo "2442"]
[BlackElo "2349"]
[Annotator "TA"]
[PlyCount "133"]
[EventDate "2018.??.??"]
[EventType "swiss"]
[EventCountry "HUN"]
[SourceTitle "playchess.com"]
[Source "ChessBase"]
[SourceQuality "1"]

{[%evp 23,133,24,27,9,11,2,25,0,32,29,31,29,29,33,36,30,29,0,0,0,0,0,0,0,5,-26,0,-22,0,0,0,0,27,0,5,0,60,49,52,44,62,66,68,44,73,10,66,50,83,41,54,33,41,40,39,52,77,79,85,83,162,134,155,146,99,164,144,100,266,193,191,176,189,192,169,35,89,35,72,104,589,580,401,483,288,291,218,65,460,8,8,8,117,117,21,21,21,0,0,0,0,0,0,0,0,0,0,0,0,0,0,-8]} 1. Nf3 d5 2. b3 Nf6 3. Bb2 Bf5 4. g3 e6 5. Bg2 h6 6. d3 Nbd7 7. Nbd2 Be7 8. O-O O-O 9. Re1 {A07: Réti Opening: New York and Capablanca Systems} Bh7 10. e4 dxe4 11. dxe4 c6 12. Qe2 Qc7 {LiveBook: 5 Games} 13. a3 Rfd8 14. e5 Ne8 {[#]} 15. Ne4 $146 ({Predecessor:} 15. Nc4 Nb6 16. Ne3 Nd5 17. Nf1 a5 18. Rec1 {0-1 (56) Tregubov,P (2515)-Margolin,B (2390) Cappelle-la-Grande 1995}) 15... Nc5 16. Nfd2 Rd7 17. Nxc5 Bxc5 18. Be4 Rad8 19. Bxh7+ Kxh7 20. Nf3 Qb6 21. Kg2 Kg8 22. h4 Qb5 23. Qe4 Bb6 24. h5 Qd5 25. Qf4 Qc5 26. Re2 Qb5 27. Rae1 Rd1 28. g4 Rxe1 29. Rxe1 Qc5 (29... Nc7 $11) 30. Re2 $1 $14 Qb5 31. Rd2 Qc5 32. c4 {[%cal Bc2c4,Bc4c5][%mdl 32]} Qe7 33. b4 Rxd2 34. Nxd2 (34. Qxd2 $16 c5 35. b5) 34... Qd7 (34... a5 $11) 35. Ne4 Qd1 36. c5 Bd8 37. Bc3 Qd5 38. Qf3 Nc7 39. Nd6 b6 40. cxb6 axb6 41. a4 $1 f6 (41... Bg5 $16 {keeps fighting.}) 42. a5 bxa5 43. bxa5 fxe5 44. Qxd5 $1 cxd5 45. Bxe5 $16 {[%mdl 4096] Endgame And now Nb7 would win. KBN-KBN} Bf6 $2 (45... Na6 $16 {is a better defense.}) 46. f4 {[%cal Bf2f4,Bf4e5][%mdl 32]} Bxe5 47. fxe5 $18 {KN-KN} Kf8 48. Kf3 Ke7 {[#]} 49. Kf4 (49. g5 $1 $18) 49... Na6 $1 $14 50. Ke3 (50. g5 $16) 50... Kd7 51. Kd4 Kd8 $2 {[%mdl 8192] [#]} (51... Ke7 $16) 52. g5 $1 $18 hxg5 53. Nf7+ Ke7 (53... Kd7 $142 54. Nxg5 Ke7) 54. Nxg5 Kd7 55. Kc3 $2 ({White should try} 55. Nf3 $18) 55... Nc5 $2 {[%mdl 8192]} (55... Nc7 $1 $14) 56. Kb4 $2 ({Only move:} 56. Nf3 $18) 56... Kc6 $1 $11 57. Nf3 {White wants to mate with Nd4+.} Na6+ (57... Nd3+ $1 $11 {remains equal.} 58. Kc3 Nf4) 58. Kc3 $16 Kc5 59. Nd4 {The position is equal.} Nc7 60. Kd3 Kb4 61. a6 Nxa6 {...Nc5+ is the strong threat.} 62. Nxe6 Nc5+ 63. Nxc5 Kxc5 64. Ke3 d4+ 65. Ke4 d3 $1 {[%cal Rd3d2]} 66. Kxd3 {White threatens Ke4 and mate.} Kd5 67. h6 {Precision: White = 48%, Black = 40%.} 1/2-1/2

[Event "Budapest Spring Festival 2018"]
[Site "Budapest"]
[Date "2018.04.21"]
[Round "4"]
[White "Kozak, Adam"]
[Black "Pranav Anand"]
[Result "1-0"]
[WhiteElo "2440"]
[BlackElo "2158"]
[Annotator "TA"]
[PlyCount "85"]
[EventDate "2018.??.??"]
[EventType "swiss"]
[EventCountry "HUN"]
[SourceTitle "playchess.com"]
[Source "ChessBase"]
[SourceQuality "1"]

{[%evp 27,85,10,26,23,23,18,23,19,25,22,22,18,29,20,8,16,31,30,31,39,36,45,47,34,45,32,18,8,5,3,66,67,103,24,46,33,152,98,225,216,216,196,362,362,362,296,359,355,664,664,1063,1022,1404,1277,12835,12834,12834,12833,12842,12840]} 1. Nf3 Nf6 2. g3 d5 3. Bg2 e6 4. O-O Be7 5. c4 O-O 6. d4 dxc4 7. Qc2 a6 8. a4 Bd7 9. Qxc4 Bc6 10. Bg5 Nbd7 11. Nc3 h6 12. Bxf6 {E05: Open Catalan: 5 Nf3 Be7} Nxf6 13. Rac1 (13. Rfe1 Bd5 14. Qd3 Bxf3 15. Bxf3 {½-½ (15) Ni,H (2671)-Movsesian,S (2647) Riadh 2017}) 13... a5 14. Rfd1 Bb4 {LiveBook: 3 Games} 15. Ne5 Bxg2 16. Kxg2 Qe7 17. Nd3 c6 18. Qb3 $146 ({Predecessor:} 18. Na2 Bd6 19. Rc3 {1-0 (43) Galopoulos,N (2364)-Balaskas,N (2201) Porto Rio 2015}) 18... Rfd8 19. e3 h5 20. Ne2 {[%cal Bc3e2,Be2g1,Bg1f3,Bf3e5][%mdl 32]} Bd6 21. Ng1 g6 22. Nf3 Ne4 23. Nde5 (23. Qc2 {feels hotter.} Kg7 24. Nde5 Ng5 25. Nd2 Bc7 26. h4) 23... Bxe5 24. Nxe5 h4 25. Qc2 Nf6 26. Qe2 Kg7 27. Nf3 hxg3 28. hxg3 Nd7 (28... Rh8 $11) 29. e4 $1 $14 Qb4 30. Qc2 (30. Qe3 $16) 30... Rac8 31. b3 b5 ({Black should play} 31... Rh8 $14) 32. Rd3 (32. Rh1 $142) 32... Nb6 (32... Nf6 $16) 33. Rc3 $18 bxa4 34. bxa4 {Black must now prevent Rb3.} Qxa4 $2 {[#]} (34... Nd7 {keeps fighting.} 35. Rxc6 Rxc6 36. Qxc6 Qb6) 35. Qb2 Rb8 36. Rxc6 Nd7 ({Don't play} 36... Nc4 37. Qc3 $18) 37. Qd2 Qb5 $2 (37... Qb4 38. Qf4 Qe7) 38. Qf4 {White is clearly winning.} Nf6 {Now ...Nh5 and Black clings on.} 39. Rc7 {White threatens e5 and mate.} Rf8 40. Ng5 {White wants to mate with Nxe6+.} Qe8 {[#]} 41. Nxf7 $1 {[%mdl 512]} Rxf7 42. Rxf7+ Kxf7 43. Rc7+ {Precision: White = 67%, Black = 31%.} 1-0